000 01009nam a2200301Ia 4500
001 8060
003 IT-RoPAU
008 130308s9999 xx 000 0 und d
040 _aIT-RoPAU
040 _cIT-RoPAU
041 _aFRANCESE
100 _aLunders Leo
100 _gCodice Aut. SPICS: 4434
245 _aIntroduction aux problemes du cinema et de la jeunesse
245 _bIntroduction Aux Problemes Du Cinema et de la Jeunesse
250 _a1a ed.
260 _aPARIS
260 _bEditions Universitaires
260 _c1953 [1° Ed.:1953 - Ed.Ling.Originale:1953]
300 _a"222 p. (prefazione: no ; testo: 222)"
500 _aIntroduzione Ai Problemi del Cinema della giovinezza Linguaggio Cinematografico e ragazzi Cinema e reazione dei ragazzi Cinema e Delinquenza Giovanile Educazione Cinematografica Inchieste Film per Ragazzi
650 _aEDUCAZIONE AL CINEMA
650 _eCodice materia Spics: 6812
942 _cBK
957 _71
999 _c72680
_d72680
999 _bSI
999 _g1